Raṅga brahma / (Record no. 78629)

MARC details
000 -LEADER
fixed length control field 00554cam a22002174a 4500
001 - CONTROL NUMBER
control field sa 68002330
003 - CONTROL NUMBER IDENTIFIER
control field DLC
005 - DATE AND TIME OF LATEST TRANSACTION
control field 20260227112442.0
008 - FIXED-LENGTH DATA ELEMENTS--GENERAL INFORMATION
fixed length control field 891215s1967 ii 000 0 hino
010 ## - LIBRARY OF CONGRESS CONTROL NUMBER
LC control number sa 68002330
035 ## - SYSTEM CONTROL NUMBER
System control number (OCoLC)20790879
040 ## - CATALOGING SOURCE
Original cataloging agency DLC
Transcribing agency DLC
050 00 - LIBRARY OF CONGRESS CALL NUMBER
Classification number PK2098.42.I5415
Item number R36 1967
100 0# - MAIN ENTRY--PERSONAL NAME
Personal name Vinaya,
Dates associated with a name 1937-
245 10 - TITLE STATEMENT
Title Raṅga brahma /
Statement of responsibility, etc. Vinaya.
250 ## - EDITION STATEMENT
Edition statement 1. saṃskaraṇa.
260 ## - PUBLICATION, DISTRIBUTION, ETC.
Place of publication, distribution, etc. Meraṭha :
Name of publisher, distributor, etc. Sañjīva Prakāśana,
Date of publication, distribution, etc. 1967.
300 ## - PHYSICAL DESCRIPTION
Extent 92 p. ;
Dimensions 22 cm.
500 ## - GENERAL NOTE
General note Plays.
546 ## - LANGUAGE NOTE
Language note In Hindi.

No items available.

Powered by Koha